[Event "CZE-ch U16"]
[Site "Sec u Chrudimi"]
[Date "2007.10.21"]
[Round "2"]
[White "Ciko, Roman"]
[Black "Steinhauser, Dominik"]
[Result "0-1"]
[WhiteElo "1431"]
[BlackElo "1954"]
[PlyCount "40"]
[EventDate "2007.10.20"]
[EventType "swiss"]
[EventRounds "9"]
[EventCountry "CZE"]
[SourceTitle "EXT 2022"]
[Source "ChessBase"]
[SourceDate "2021.10.06"]
[SourceVersion "1"]
[SourceVersionDate "2021.10.06"]
[SourceQuality "1"]

1. e4 c5 2. Nf3 Nc6 3. d4 cxd4 4. Nxd4 g6 5. Be3 Bg7 6. Be2 Nf6 7. Nc3 0-0 8. Qd2 d6 9. 0-0-0 Ng4 10. Bxg4 Bxg4 11. Rde1 Ne5 12. f3 Bd7 13. g4 Nc4 14. Qd3 Nxe3 15. Qxe3 Qb6 16. Rd1 e5 17. Nd5 Qc5 18. b4 exd4 19. bxc5 dxe3 20. Nxe3 Be6 0-1